<?xml version="1.0" encoding="UTF-8"?><?xml-stylesheet type="text/xsl" href="static/style.xsl"?><OAI-PMH xmlns="http://www.openarchives.org/OAI/2.0/" xmlns:xsi="http://www.w3.org/2001/XMLSchema-instance" xsi:schemaLocation="http://www.openarchives.org/OAI/2.0/ http://www.openarchives.org/OAI/2.0/OAI-PMH.xsd"><responseDate>2026-04-27T22:09:28Z</responseDate><request verb="GetRecord" identifier="oai:uvadoc.uva.es:10324/24714" metadataPrefix="marc">https://uvadoc.uva.es/oai/request</request><GetRecord><record><header><identifier>oai:uvadoc.uva.es:10324/24714</identifier><datestamp>2021-06-29T17:10:10Z</datestamp><setSpec>com_10324_38</setSpec><setSpec>col_10324_852</setSpec></header><metadata><record xmlns="http://www.loc.gov/MARC21/slim" xmlns:doc="http://www.lyncode.com/xoai" xmlns:xsi="http://www.w3.org/2001/XMLSchema-instance" xmlns:dcterms="http://purl.org/dc/terms/" xsi:schemaLocation="http://www.loc.gov/MARC21/slim http://www.loc.gov/standards/marcxml/schema/MARC21slim.xsd">
<leader>00925njm 22002777a 4500</leader>
<datafield tag="042" ind1=" " ind2=" ">
<subfield code="a">dc</subfield>
</datafield>
<datafield tag="720" ind1=" " ind2=" ">
<subfield code="a">Rodríguez Díez, Anabel</subfield>
<subfield code="e">author</subfield>
</datafield>
<datafield tag="260" ind1=" " ind2=" ">
<subfield code="c">2017</subfield>
</datafield>
<datafield tag="520" ind1=" " ind2=" ">
<subfield code="a">El pie diabético es la complicación más frecuente que aparece en una enfermerdad crónica de alta prevalencia como es la Diabetes mellitus. Esta complicación es causa de numerosos ingresos hospitalarios con los consiguientes costes económicos, sociales y personales, suponiendo un gran reto para el personal sanitario que se ocupa de sus cuidados. Evitar la aparición del pie diabético y todas las consecuencias que se derivan de él sigue siendo un reto para los distintos miembros de los equipos sanitarios, que podrían actuar conjuntamente utilizando distintas escalas para valorar la posibilidad de su aparición. Este trabajo de revisión bibliográfica incide también en la importancia de una educación santaria relizada por la enfermera y dirigida al paciente que permitirá el aprendizaje de conocimientos y habilidades eficaces en la prevención de úlceras del pie diabético</subfield>
</datafield>
<datafield tag="024" ind2=" " ind1="8">
<subfield code="a">http://uvadoc.uva.es/handle/10324/24714</subfield>
</datafield>
<datafield tag="245" ind1="0" ind2="0">
<subfield code="a">Actuación de enfermería en la prevención del pie diabético</subfield>
</datafield>
</record></metadata></record></GetRecord></OAI-PMH>